Biochemical, functional and pharmacological characterization of novel bifunctional peptide ligands and nociceptin variants

Elmentve itt :
Bibliográfiai részletek
Szerző: Erdei Anna
További közreműködők: Benyhe Sándor (Témavezető)
Borsodi Anna (Témavezető)
Dokumentumtípus: Disszertáció
Megjelent: 2019-10-11
Kulcsszavak:radioligand binding, mouse vas deferens, opioid receptors, NOP receptor, nociception, bifunctional ligands
Tárgyszavak:
doi:10.14232/phd.10243

mtmt:31267615
Online Access:http://doktori.ek.szte.hu/10243
LEADER 01319nta a2200265 i 4500
001 dokt10243
005 20200715092150.0
008 190918s2019 hu om 0|| eng d
024 7 |a 10.14232/phd.10243  |2 doi 
024 7 |a 31267615  |2 mtmt 
040 |a SZTE Doktori Repozitórium  |b hun 
041 |a eng 
100 1 |a Erdei Anna 
245 1 0 |a Biochemical, functional and pharmacological characterization of novel bifunctional peptide ligands and nociceptin variants  |h [elektronikus dokumentum] /  |c  Erdei Anna 
246 1 0 |a Újonnan szintetizálthibrid peptid szerkezetű nociceptin ligand-analógok funkcionális, biokémiai és farmakológiai jellemzése  |h [elektronikus dokumentum] 
260 |c 2019-10-11 
502 |a Disszertacio 
650 4 |a elméleti orvostudományok 
650 4 |a Általános orvostudomány 
695 |a radioligand binding, mouse vas deferens, opioid receptors, NOP receptor, nociception, bifunctional ligands 
700 0 1 |a Benyhe Sándor  |e ths 
700 0 1 |a Borsodi Anna  |e ths 
856 4 0 |u https://doktori.bibl.u-szeged.hu/id/eprint/10243/1/Erdei_Anna_tezis.pdf  |z Dokumentum-elérés  
856 4 0 |u https://doktori.bibl.u-szeged.hu/id/eprint/10243/2/tezisfuzet_angol.pdf  |z Dokumentum-elérés  
856 4 0 |u https://doktori.bibl.u-szeged.hu/id/eprint/10243/3/tezisfuzet_magyar.pdf  |z Dokumentum-elérés